[Event "5. Torneo ITT Espacio ENDESA 2009"]
[Site "Santiago de Chile CHI"]
[Date "2009.11.19"]
[Round "6.4"]
[White "Ricardi, Pablo"]
[Black "Garcia Cardenas, Pablo"]
[Result "1/2-1/2"]
[WhiteElo "2503"]
[BlackElo "2306"]
[PlyCount "100"]
[EventDate "2009.11.14"]
[EventType "tourn"]
[EventRounds "9"]
[EventCountry "CHI"]
[EventCategory "6"]
[Source "lmi"]
[SourceDate "2009.11.14"]

1. d4 Nf6 2. c4 e6 3. Nc3 d5 4. Bg5 Be7 5. e3 Nbd7 6. cxd5 Nxd5 7. Bxe7 Qxe7 8.
Rc1 Nxc3 9. Rxc3 c6 10. Nf3 O-O 11. Bc4 e5 12. O-O Rd8 13. Qb1 h6 14. Bb3 exd4
15. exd4 Nf8 16. Re1 Be6 17. Qf5 Qc7 18. Qe4 Bxb3 19. Rxb3 Ne6 20. h3 Rd5 21.
Qg4 Rad8 22. Rbe3 R8d6 23. a3 Qe7 24. Re5 Qf6 25. Qe4 g6 26. Qe3 Nxd4 27. Nxd4
Rxe5 28. Qxe5 Qxe5 29. Rxe5 Rxd4 30. Re7 Rd1+ 31. Kh2 b5 32. Rxa7 Rd2 33. Rc7
Rxf2 34. Rxc6 Rxb2 35. Ra6 Kg7 36. a4 bxa4 37. Rxa4 g5 38. h4 f6 39. Kg3 Rb3+
40. Kg4 Rb4+ 41. Kg3 Kg6 42. Ra6 Kf5 43. Ra5+ Ke4 44. Kg4 Ke3+ 45. Kg3 Rb3 46.
Kg4 Rb4+ 47. Kg3 Rd4 48. Rf5 Rd6 49. Kg4 Rd4+ 50. Kg3 Rd6 1/2-1/2

[Event "5. Torneo ITT Espacio ENDESA 2009"]
[Site "Santiago de Chile CHI"]
[Date "2009.11.19"]
[Round "6.5"]
[White "Valiente, Cristobal"]
[Black "Diaz Villagran, Robert"]
[Result "1/2-1/2"]
[WhiteElo "2240"]
[BlackElo "2281"]
[PlyCount "34"]
[EventDate "2009.11.14"]
[EventType "tourn"]
[EventRounds "9"]
[EventCountry "CHI"]
[EventCategory "6"]
[Source "lmi"]
[SourceDate "2009.11.14"]

1. e4 e6 2. d4 d5 3. Bd3 c5 4. Nf3 dxe4 5. Bxe4 Nf6 6. Bd3 Nc6 7. dxc5 Bxc5 8.
O-O h6 9. a3 a5 10. b3 O-O 11. Bb2 Nd5 12. g3 Be7 13. c4 Nc7 14. Re1 Bf6 15.
Nc3 Na6 16. Rb1 Nc5 17. Bc2 Qxd1 1/2-1/2

[Event "5. Torneo ITT Espacio ENDESA 2009"]
[Site "Santiago de Chile CHI"]
[Date "2009.11.20"]
[Round "7.1"]
[White "Diaz Villagran, Robert"]
[Black "Sepulveda Herrera, Job Rodrigo"]
[Result "1/2-1/2"]
[WhiteElo "2281"]
[BlackElo "2354"]
[PlyCount "21"]
[EventDate "2009.11.14"]
[EventType "tourn"]
[EventRounds "9"]
[EventCountry "CHI"]
[EventCategory "6"]
[Source "lmi"]
[SourceDate "2009.11.14"]

1. e4 g6 2. d3 Bg7 3. Nf3 Nf6 4. Nbd2 d5 5. e5 Nfd7 6. d4 c5 7. c3 Nc6 8. h4
cxd4 9. cxd4 f6 10. exf6 Nxf6 11. Nb3 1/2-1/2

[Event "5. Torneo ITT Espacio ENDESA 2009"]
[Site "Santiago de Chile CHI"]
[Date "2009.11.20"]
[Round "7.3"]
[White "Valenzuela Fuentealba, Luis"]
[Black "Ricardi, Pablo"]
[Result "0-1"]
[WhiteElo "2477"]
[BlackElo "2503"]
[PlyCount "58"]
[EventDate "2009.11.14"]
[EventType "tourn"]
[EventRounds "9"]
[EventCountry "CHI"]
[EventCategory "6"]
[Source "lmi"]
[SourceDate "2009.11.14"]

1. d4 Nf6 2. Nf3 e6 3. c4 d5 4. g3 Bb4+ 5. Bd2 Be7 6. Bg2 O-O 7. O-O c6 8. Qc2
Nbd7 9. b3 b6 10. Bf4 Bb7 11. Nc3 Rc8 12. e4 c5 13. exd5 exd5 14. Rfd1 Re8 15.
dxc5 Bxc5 16. Ng5 h6 17. Nxf7 Kxf7 18. Nxd5 Bxd5 19. Bxd5+ Nxd5 20. Rxd5 Qe7
21. Bxh6 Nf6 22. Rg5 Bxf2+ 23. Kf1 Rg8 24. Qg6+ Kf8 25. Kxf2 gxh6 26. Qxh6+ Kf7
27. Rf5 Rh8 28. Qf4 Rxh2+ 29. Kg1 Rch8 0-1

[Event "5. Torneo ITT Espacio ENDESA 2009"]
[Site "Santiago de Chile CHI"]
[Date "2009.11.20"]
[Round "7.5"]
[White "Alonso, Salvador"]
[Black "Arancibia Guzman, Eduardo"]
[Result "1/2-1/2"]
[WhiteElo "2506"]
[BlackElo "2391"]
[PlyCount "120"]
[EventDate "2009.11.14"]
[EventType "tourn"]
[EventRounds "9"]
[EventCountry "CHI"]
[EventCategory "6"]
[Source "lmi"]
[SourceDate "2009.11.14"]

1. e4 c5 2. Nf3 d6 3. d4 cxd4 4. Nxd4 Nf6 5. Nc3 a6 6. Bc4 e6 7. Bb3 Nbd7 8.
Bg5 Nc5 9. f4 Be7 10. Qf3 Qc7 11. f5 Bd7 12. O-O Nxb3 13. cxb3 O-O 14. Kh1 b5
15. Rac1 Qb7 16. e5 Qxf3 17. Nxf3 dxe5 18. Nxe5 Ra7 19. Rfd1 Be8 20. Ne2 exf5
21. Nd4 Ng4 22. Bxe7 Rxe7 23. Nd3 g6 24. Kg1 Ra7 25. b4 Bd7 26. Nc5 Re8 27. Rd2
Nf6 28. Ndb3 Kg7 29. Na5 Bc8 30. Ncb3 Be6 31. Nc5 Bc8 32. Ncb3 f4 33. h3 f3 34.
gxf3 Bxh3 35. Kf2 h5 36. Rd6 Re6 37. Rcc6 Rxd6 38. Rxd6 Be6 39. Nc5 Bxa2 40. b3
g5 41. Rd1 h4 42. Ra1 Nd5 43. Rxa2 Nxb4 44. Rd2 Rc7 45. Ne4 f6 46. Kg2 Rc2 47.
Rxc2 Nxc2 48. Nc6 Kg6 49. Ne7+ Kf7 50. Nd5 Ke6 51. Ndxf6 a5 52. Ne8 a4 53. Nc7+
Ke5 54. Nxb5 axb3 55. Nd2 b2 56. Nc4+ Kf4 57. Nxb2 Ne1+ 58. Kf2 Nxf3 59. Nd3+
Kg4 60. Nd6 Nd4 1/2-1/2

[Event "5. Torneo ITT Espacio ENDESA 2009"]
[Site "Santiago de Chile CHI"]
[Date "2009.11.21"]
[Round "8.1"]
[White "Sepulveda Herrera, Job Rodrigo"]
[Black "Arancibia Guzman, Eduardo"]
[Result "0-1"]
[WhiteElo "2354"]
[BlackElo "2391"]
[PlyCount "120"]
[EventDate "2009.11.14"]
[EventType "tourn"]
[EventRounds "9"]
[EventCountry "CHI"]
[EventCategory "6"]
[Source "lmi"]
[SourceDate "2009.11.14"]

1. d4 Nf6 2. Nf3 c5 3. e3 g6 4. Bd3 Bg7 5. O-O O-O 6. b3 Nc6 7. a3 cxd4 8. exd4
Qb6 9. Bb2 Nh5 10. c3 Nf4 11. Bc2 d6 12. Nbd2 Qb5 13. Ne4 Qe2 14. Re1 Qxd1 15.
Raxd1 Bg4 16. Ned2 b5 17. g3 Nh5 18. Be4 Rfc8 19. Kg2 Kf8 20. h3 Bd7 21. Re2
Nf6 22. Bd3 Rab8 23. Rde1 e6 24. Ba1 Ne7 25. Ne4 Nxe4 26. Bxe4 Bc6 27. Nd2 Ke8
28. h4 h5 29. Bxc6+ Rxc6 30. d5 Nxd5 31. c4 Nf6 32. cxb5 Rxb5 33. b4 Kf8 34.
Nb3 Rb8 35. Nd4 Rc4 36. Nxe6+ fxe6 37. Rxe6 Ng8 38. Rxg6 Bxa1 39. Rxa1 Rd8 40.
Rd1 d5 41. b5 Kf7 42. Ra6 Rd7 43. b6 axb6 44. Rxb6 Nf6 45. Rd3 Re4 46. f3 Re2+
47. Kh3 d4 48. Rbb3 Ke6 49. g4 Ke5 50. gxh5 Nd5 51. Rb5 Re3 52. Rd2 Rxf3+ 53.
Kg4 Rxa3 54. h6 Ke4 55. Rb8 Ke3 56. Rg2 d3 57. Rb1 Ra4+ 58. Kg5 Ra8 59. Rg3+
Kd4 60. Rg4+ Kc3 0-1

[Event "5. Torneo ITT Espacio ENDESA 2009"]
[Site "Santiago de Chile CHI"]
[Date "2009.11.21"]
[Round "9.2"]
[White "Valenzuela Fuentealba, Luis"]
[Black "Diaz Villagran, Robert"]
[Result "1-0"]
[WhiteElo "2477"]
[BlackElo "2281"]
[PlyCount "85"]
[EventDate "2009.11.14"]
[EventType "tourn"]
[EventRounds "9"]
[EventCountry "CHI"]
[EventCategory "6"]
[Source "lmi"]
[SourceDate "2009.11.14"]

1. d4 Nf6 2. Nf3 g6 3. c4 Bg7 4. g3 d6 5. Bg2 O-O 6. O-O Nbd7 7. Nc3 e5 8. e4
c6 9. h3 Re8 10. Re1 exd4 11. Nxd4 a5 12. Rb1 Nc5 13. Bf4 Nh5 14. Be3 Nf6 15.
Qc2 Nfd7 16. b3 Ne6 17. Nde2 Qe7 18. Rbd1 Nec5 19. Nd4 f6 20. f4 Qf7 21. Bf2
Kh8 22. a3 Nb6 23. Ndb5 cxb5 24. Nxb5 Bf8 25. Nxd6 Bxd6 26. Rxd6 Nbd7 27. b4
axb4 28. axb4 Ne6 29. Red1 Ndf8 30. b5 h5 31. Qc3 Nh7 32. c5 Ra2 33. Qb3 Ra5
34. f5 Neg5 35. Qb4 Ra8 36. h4 gxf5 37. hxg5 Nxg5 38. Qc3 Nh7 39. Bd4 fxe4 40.
Bxf6+ Kg8 41. Rf1 Nf8 42. Bd4 Qh7 43. Qe3 1-0

[Event "5. Torneo ITT Espacio ENDESA 2009"]
[Site "Santiago de Chile CHI"]
[Date "2009.11.21"]
[Round "9.4"]
[White "Alonso, Salvador"]
[Black "Ricardi, Pablo"]
[Result "1/2-1/2"]
[WhiteElo "2506"]
[BlackElo "2503"]
[PlyCount "28"]
[EventDate "2009.11.14"]
[EventType "tourn"]
[EventRounds "9"]
[EventCountry "CHI"]
[EventCategory "6"]
[Source "lmi"]
[SourceDate "2009.11.14"]

1. e4 c5 2. Nf3 e6 3. d4 cxd4 4. Nxd4 Nf6 5. Nc3 Nc6 6. Ndb5 Bb4 7. a3 Bxc3+ 8.
Nxc3 d5 9. exd5 exd5 10. Bd3 O-O 11. O-O d4 12. Ne2 Re8 13. Re1 Qd5 14. Bf4 Bf5
1/2-1/2

[Event "5. Torneo ITT Espacio ENDESA 2009"]
[Site "Santiago de Chile CHI"]
[Date "2009.11.21"]
[Round "9.5"]
[White "Arancibia Guzman, Eduardo"]
[Black "Felgaer, Ruben"]
[Result "0-1"]
[WhiteElo "2391"]
[BlackElo "2573"]
[PlyCount "62"]
[EventDate "2009.11.14"]
[EventType "tourn"]
[EventRounds "9"]
[EventCountry "CHI"]
[EventCategory "6"]
[Source "lmi"]
[SourceDate "2009.11.14"]

1. Nf3 c5 2. c4 g6 3. g3 Bg7 4. Bg2 Nc6 5. Nc3 d6 6. a3 Qd7 7. O-O b6 8. Rb1
Bb7 9. b4 Bxc3 10. dxc3 Nf6 11. Bh6 Ne4 12. Rc1 O-O-O 13. Qb3 Rhg8 14. Be3 f5
15. a4 g5 16. Rc2 f4 17. Bc1 Qe6 18. a5 bxa5 19. b5 Ne5 20. Nxe5 dxe5 21. Ra2
Qb6 22. Bxe4 Bxe4 23. Qa3 Rg6 24. Qxa5 Kb8 25. f3 Bb7 26. Kf2 Rh6 27. Qxb6 axb6
28. Rh1 Rf8 29. h3 g4 30. e4 fxe3+ 31. Bxe3 Rxf3+ 0-1